Αγιογραφίες : ψηφιδωτά - τοιχογραφίες - εικόνες απο τον 5ον αιώνα μέχρι σήμερα
Saved in:
| Format: | Book |
|---|---|
| Language: | Greek |
| Published: |
[χ.τ.] :
Κ. Κουμουνδουρέας,
[19--;]
|
| Subjects: | |
| Tags: |
Add Tag
No Tags, Be the first to tag this record!
|
MARC
| LEADER | 00000cam a2200000 i 4500 | ||
|---|---|---|---|
| 001 | 1/22664 | ||
| 008 | 060124q19801990 gre d | ||
| 035 | |l 10082204 | ||
| 040 | |a GR-MY-UA |b gre |e aacr | ||
| 041 | 0 | |a gre | |
| 082 | 0 | |a 738.52 |2 (22) | |
| 245 | 1 | 0 | |a Αγιογραφίες : |b ψηφιδωτά - τοιχογραφίες - εικόνες απο τον 5ον αιώνα μέχρι σήμερα |
| 260 | |a [χ.τ.] : |b Κ. Κουμουνδουρέας, |c [19--;] | ||
| 300 | |a π. 200 σ.; |b εγχρ. εικ.; |c 32 εκ. | ||
| 650 | 0 | 0 | |a Mosaics. |
| 650 | 0 | 0 | |a Christian hagiography. |
| 650 | 0 | 0 | |a Mural painting and decoration. |
| 852 | |a INST |b RHODES |c KRI |e 20060124 |h 738.52 ΑΓΙ |p 005400030442 |q 005400030442 |t REF |y 23 | ||
| 901 | |a BIBL4-2006-1 | ||
| 909 | |a Ρ |b 122945 | ||
| 970 | |a ΚΟΖΑ |b ΜΑΡΙΑ |z 2006/01/24 | ||